000 00688nam a2200289Ia 4500
005 20260324144543.0
008 008 260324s9999 xx 000 0 eng d
020 _a9780429302756
037 _aEBOOK
040 _aCRL
040 _beng
040 _cCRL
041 _2eng
041 _aeng
084 _qCRL
100 _aDouglas Horton
_91219751
245 0 _aPotatoes
245 0 _bProduction, Marketing, And Programs For Developing Countries
260 _bTaylor and Francis
260 _c1987
365 _a
365 _b285
856 _uhttp://www.taylorfrancis.com/books/9780429302756
942 _cEBOOK
999 _c1826506
_d1826506